Công viên tri thức: sự cường điệu hay hy vọng cho các nước đang phát triển?
Сохранить в:
| Главный автор: | |
|---|---|
| Формат: | |
| Язык: | Undetermined |
| Предметы: | |
| Online-ссылка: | http://lrc.tdmu.edu.vn/opac/search/detail.asp?aID=2&ID=24049 |
| Метки: |
Добавить метку
Нет меток, Требуется 1-ая метка записи!
|
| Thư viện lưu trữ: | Trung tâm Học liệu Trường Đại học Thủ Dầu Một |
|---|
| LEADER | 00739nam a2200145Ia 4500 | ||
|---|---|---|---|
| 001 | TDMU_24049 | ||
| 008 | 210410s9999 xx 000 0 und d | ||
| 082 | |a 600 | ||
| 100 | |a Kanwar, Asha | ||
| 245 | 0 | |a Công viên tri thức: sự cường điệu hay hy vọng cho các nước đang phát triển? | |
| 245 | 0 | |c Asha Kanwar | |
| 300 | |a Tr.21-25 | ||
| 650 | |a Chính trị Xã hội; Công viên Khoa học và Công nghệ ; Công viên tri thức ; Thành phố Hồ Chí Minh ; Ứng dụng Khoa học và Công nghệ; Phát triển kinh tế | ||
| 856 | |u http://lrc.tdmu.edu.vn/opac/search/detail.asp?aID=2&ID=24049 | ||
| 980 | |a Trung tâm Học liệu Trường Đại học Thủ Dầu Một | ||